000 01055nam a2200301Ia 4500
005 20220317001347.0
008 161108s2010 mx a g 000 0 spa
020 _a9789681684792
100 1 _aBrowne, Anthony
_d1946-
245 1 0 _aMi hermano
_cAnthony Browne ; traducción de Laura Emilia Pacheco
250 _a1a. edición
_b2a reimpresión
300 _a[26] páginas
_bilustraciones en color
_c27 cm
490 _aLos especiales de A la orilla del viento
534 _tMy brother
650 1 4 _2LEMB
_aÁlbumes infantiles ingleses
_ySiglo XX
650 1 4 _2LEMB
_aLiteratura infantil inglesa
_ySiglo XX
650 1 4 _2LEMB
_aHermanos en la literatura
650 1 4 _2LEMB
_aLibros de imágenes
700 1 _aBrowne, Anthony
_971417
700 1 _aPacheco, Laura Emilia
_971418
942 _2loc
_cBKINF
264 _aMéxico
_bFondo de Cultura Económica
_c2010
336 _atexto
_btxt
_2rdacontent
337 _asin mediación
_bn
_2rdamedia
338 _avolumen
_bnc
_2rdacarrier
040 _aCO-BoRNBP
_bspa
_erda
_cCO-BoRNBP
084 _aA BRO1
999 _c6733
_d6733